| 000 | 00462nam a2200109Ia 4500 | ||
|---|---|---|---|
| 008 | 171212s9999 xx 000 0 und d | ||
| 100 | _aEibner, Christine;Saltzman, Evan | ||
| 245 |
_cEibner, Christine;Saltzman, Evan _aAssessing Alternative Modifications to the Affordable Care Act _bImpact on Individual Market Premiums and Insurance Coverage |
||
| 260 |
_bRAND Corporation _c2014 |
||
| 650 | _aBusiness | ||
| 856 | _uhttp://www.jstor.org/stable/10.7249/j.ctt14bs4gd | ||
| 999 |
_c351752 _d351752 |
||